| 000 | 00350pam a2200145 a 4500 | ||
|---|---|---|---|
| 020 | _c | ||
| 041 | _aeng | ||
| 082 | _bBRI | ||
| 100 | _aBrigham Eugene . | ||
| 245 |
_aFundametal Of fincaical Mangment _hTextual Documents |
||
| 250 |
_a2008 / _b10 th . |
||
| 260 |
_a[s.l]: _bSouth Western Cengage Learning |
||
| 300 | _a831 pg . | ||
| 930 | _a10248 | ||
| 999 |
_c87153 _d87153 |
||